000 00355nam a2200157Ia 4500
003 OSt
005 20240327154109.0
008 170524s9999 xx 000 0 und d
020 _a978-0070616318
040 _ciimtu meerut
100 _aNARGUNDKAR- R
100 _c2004
245 0 _aSERVICES MARKETING
260 _aTATA MC GRAW HILL
942 _2ddc
_c02
999 _c2152
_d2152